| Tag |
First Indicator |
Second Indicator |
Subfields |
| LEADER |
00000pam a2200000 i 4500 |
| 001 |
in00000078570 |
| 005 |
20151008052833.0 |
| 008 |
790223s1979 nyuaf 00110 eng |
| 010 |
|
|
|a 78074552
|
| 020 |
|
|
|a 0394506227 :
|c $12.50
|
| 020 |
|
|
|z 0802101860
|
| 035 |
|
|
|a (OCoLC)04834154
|
| 035 |
|
|
|9 AAH5099AM
|
| 040 |
|
|
|a DLC
|c DLC
|d TXA
|d UtOrBLW
|
| 041 |
1 |
|
|a eng
|a fre
|
| 043 |
|
|
|a a-is---
|
| 049 |
|
|
|a TXAM
|c [1160043]
|
| 050 |
0 |
0 |
|a DS119.6
|b .D4613
|
| 082 |
0 |
|
|a 327/.12/095694
|
| 100 |
1 |
|
|a Derogy, Jacques.
|
| 240 |
1 |
0 |
|a Histoire secrete d'Israel, 1917-1977. English
|
| 245 |
1 |
4 |
|a The untold history of Israel /
|c Jacques Derogy and Hesi Carmel.
|
| 250 |
|
|
|a 1st ed.
|
| 264 |
|
2 |
|a New York :
|b Grove Press : distributed by Random House,
|c 1979.
|
| 300 |
|
|
|a xiii, 346 pages, 4 unnumbered leaves of plates :
|b illustrations ;
|c 24 cm.
|
| 336 |
|
|
|a text
|b txt
|2 rdacontent
|
| 337 |
|
|
|a unmediated
|b n
|2 rdamedia
|
| 338 |
|
|
|a volume
|b nc
|2 rdacarrier
|
| 500 |
|
|
|a Translation of Histoire secrete d'Israel, 1917-1977.
|
| 500 |
|
|
|a Includes index.
|
| 650 |
|
0 |
|a Intelligence service
|z Israel.
|
| 651 |
|
0 |
|a Israel
|x Foreign relations.
|
| 700 |
1 |
|
|a Karmel, Ḥazi.
|
| 999 |
|
|
|a MARS
|
| 999 |
f |
f |
|s 6d1c5541-2b66-3a92-b1e9-24840bc4aba2
|i ce6a196f-c9d3-337a-8a60-1714b4f2d69c
|t 0
|
| 952 |
f |
f |
|p ric
|a Texas A&M University
|b Rellis Campus
|c Joint Library Facility
|d Remote Storage
|t 0
|e DS119.6 .D4613
|h Library of Congress classification
|i unmediated -- volume
|m A14802032246
|
| 998 |
f |
f |
|a DS119.6 .D4613
|t 0
|l Remote Storage
|